<?xml version="1.0" encoding="UTF-8"?>
<record
    xmlns:xsi="http://www.w3.org/2001/XMLSchema-instance"
    xsi:schemaLocation="http://www.loc.gov/MARC21/slim http://www.loc.gov/standards/marcxml/schema/MARC21slim.xsd"
    xmlns="http://www.loc.gov/MARC21/slim">

  <leader>02209cam a22002774a 4500</leader>
  <controlfield tag="001">MEB027396</controlfield>
  <controlfield tag="005">20140930160257.0</controlfield>
  <controlfield tag="008">060802s2007    maua     b    001 0 eng  </controlfield>
  <datafield tag="010" ind1=" " ind2=" ">
    <subfield code="a">2006025212</subfield>
  </datafield>
  <datafield tag="016" ind1="7" ind2=" ">
    <subfield code="a">101283964</subfield>
    <subfield code="2">DNLM</subfield>
  </datafield>
  <datafield tag="020" ind1=" " ind2=" ">
    <subfield code="a">9780763799939</subfield>
  </datafield>
  <datafield tag="035" ind1=" " ind2=" ">
    <subfield code="a">(OCoLC)ocm70829750</subfield>
  </datafield>
  <datafield tag="040" ind1=" " ind2=" ">
    <subfield code="a">DNLM/DLC</subfield>
    <subfield code="c">DLC</subfield>
    <subfield code="d">NLM</subfield>
    <subfield code="d">BAKER</subfield>
    <subfield code="d">C#P</subfield>
    <subfield code="d">YDXCP</subfield>
    <subfield code="d">DLC</subfield>
  </datafield>
  <datafield tag="042" ind1=" " ind2=" ">
    <subfield code="a">pcc</subfield>
  </datafield>
  <datafield tag="050" ind1=" " ind2=" ">
    <subfield code="a">RD 137</subfield>
    <subfield code="b">.N938 2013</subfield>
  </datafield>
  <datafield tag="245" ind1=" " ind2="0">
    <subfield code="a">Nursing care of the pediatric surgical patient /</subfield>
    <subfield code="c">editors, Nancy Tkacz Browne ... [et al.].</subfield>
  </datafield>
  <datafield tag="250" ind1=" " ind2=" ">
    <subfield code="a">3rd ed.</subfield>
  </datafield>
  <datafield tag="260" ind1=" " ind2=" ">
    <subfield code="a">Sudbury, Mass. :</subfield>
    <subfield code="b">Jones and Bartlett Publishers,</subfield>
    <subfield code="c">c2013.</subfield>
  </datafield>
  <datafield tag="300" ind1=" " ind2=" ">
    <subfield code="a">xxiii, 549 pages. :</subfield>
    <subfield code="b">illustrations ;</subfield>
    <subfield code="c">29 cm.</subfield>
  </datafield>
  <datafield tag="500" ind1=" " ind2=" ">
    <subfield code="a">Perioperative preparation of the child and family -- Fluid and electrolyte management of the pediatric surgical patient -- Nutrition in the pediatric surgical patient -- Vascular Access -- Care of children with acute pain : operative, procedural, and traumatic -- Caring of the child with technology needs in the home -- Care and management of patients with tubes and drains -- Care of the Child with an Ostomy -- Wound management in neonates, children, and adolescents -- Bowel management -- Special considerations for the surgical neonate -- Common cysts -- Esophageal defects -- Acquired  conditions and congenital lesions of the lung and thoracic space -- Abdominal wall defects -- Necrotizing Enterocolitis -- Intestinal atresias, duplications, and meconium ileus -- Malrotation and volvulus -- Hirschsprung's disease -- Anorectal Malformations in children -- Hypertrophic Pyloric Stenosis -- Common outpatient pediatric surgical procedures : inguinal and umbilical hernias, hydroceles, undescended testes, and circumcision -- Gastroesophageal reflux disease : diagnosis and management -- Intussusception -- Appendicitis -- Splenectomy and cholecystectomy -- Biliary atresia and choledochal cyst -- Solid tumors -- Pediatric abdominal organ transplants -- An adolecent bariatric weight management program -- Pediatric trauma.</subfield>
  </datafield>
  <datafield tag="504" ind1=" " ind2=" ">
    <subfield code="a">Includes bibliographical references and index.</subfield>
  </datafield>
  <datafield tag="521" ind1=" " ind2=" ">
    <subfield code="a">Nursing</subfield>
  </datafield>
  <datafield tag="650" ind1=" " ind2="0">
    <subfield code="a">Children</subfield>
    <subfield code="x">Surgery</subfield>
    <subfield code="x">Nursing.</subfield>
  </datafield>
  <datafield tag="700" ind1="1" ind2=" ">
    <subfield code="a">Browne, Nancy Tkacz.</subfield>
  </datafield>
  <datafield tag="942" ind1=" " ind2=" ">
    <subfield code="2">lcc</subfield>
    <subfield code="c">BK</subfield>
    <subfield code="k">FOR</subfield>
  </datafield>
  <datafield tag="999" ind1=" " ind2=" ">
    <subfield code="c">275971</subfield>
    <subfield code="d">275971</subfield>
  </datafield>
  <datafield tag="952" ind1=" " ind2=" ">
    <subfield code="0">0</subfield>
    <subfield code="1">0</subfield>
    <subfield code="2">lcc</subfield>
    <subfield code="4">0</subfield>
    <subfield code="a">CL</subfield>
    <subfield code="b">CL</subfield>
    <subfield code="c">RES</subfield>
    <subfield code="d">2014-09-30</subfield>
    <subfield code="e">Library Fund</subfield>
    <subfield code="l">0</subfield>
    <subfield code="o">RD 137 .N938 2013</subfield>
    <subfield code="p">C18779</subfield>
    <subfield code="r">2018-05-15 00:00:00</subfield>
    <subfield code="w">2014-09-30</subfield>
    <subfield code="y">BK</subfield>
  </datafield>
</record>
